000 00769cab a2200217 4500
001 ABS39442
008 090401t1988 xxu||||| |||| 00| 0 eng d
035 _a(Sirsi) u16773
041 _aeng
100 _aFrench, J.
245 _aFacts, figures and analysis on construction`s top performers
260 _c1988
350 _a0
490 _aConstruction News
_v() 28 July 1988, 22-27(6)
520 _aAn analysis in tabular form of the performance of leading British construction companies since 1982. Includes annual figures on turnover, pre-tax profit(loss), capital employed, average weekly work force and total pay.
650 _aBUILDING CONTRACTORS
650 _aBUILDING INDUSTRY
690 _aBUILT ENVIRONMENT
942 _n0
948 _c04/03/1997
999 _c11091
_d11091